<?xml version="1.0" encoding="UTF-8"?>
<record
    xmlns:xsi="http://www.w3.org/2001/XMLSchema-instance"
    xsi:schemaLocation="http://www.loc.gov/MARC21/slim http://www.loc.gov/standards/marcxml/schema/MARC21slim.xsd"
    xmlns="http://www.loc.gov/MARC21/slim">

  <leader>01669nam a2200241 a 4500</leader>
  <controlfield tag="005">20180803165400.0</controlfield>
  <controlfield tag="008">140129b2002    ck ||||| |||| 00| 0 spa d</controlfield>
  <datafield tag="041" ind1=" " ind2=" ">
    <subfield code="a">spa</subfield>
  </datafield>
  <datafield tag="044" ind1=" " ind2=" ">
    <subfield code="a">ck</subfield>
  </datafield>
  <datafield tag="090" ind1=" " ind2=" ">
    <subfield code="a">IAVH</subfield>
    <subfield code="b">01053</subfield>
  </datafield>
  <datafield tag="245" ind1=" " ind2=" ">
    <subfield code="a">Caracterizaci&#xF3;n biol&#xF3;gica Parque Nacional Natural Cueva de Los Gu&#xE1;charos, municipio de Acevedo, departamento del Huila</subfield>
  </datafield>
  <datafield tag="260" ind1=" " ind2=" ">
    <subfield code="a">Bogot&#xE1;</subfield>
    <subfield code="b">Instituto Alexander von Humboldt</subfield>
    <subfield code="c">2002</subfield>
  </datafield>
  <datafield tag="300" ind1=" " ind2=" ">
    <subfield code="a">28 p.</subfield>
  </datafield>
  <datafield tag="520" ind1=" " ind2=" ">
    <subfield code="a">El parque nacionla natural Cueva de Los Gu&#xE1;charo, fue creado en 1960 como la primera &#xE1;rea de conservaci&#xF3;n declarado en el pa&#xED;s, gracias a sus excepcionales componentes biol&#xF3;gicos y geogr&#xE1;ficos. Su principal caracter&#xED;stica es la presencia de grandes sistemas de cavernas, producto de la disoluci&#xF3;n de formaciones calizas asociadas a relictos de robledales, vegetaci&#xF3;n de subp&#xE1;ramos y poblaciones de especies emblem&#xE1;ticas como el gu&#xE1;charo. El grupo de exploraci&#xF3;n y monitoreo ambienta GEMA del Instituto Humboldt realiz&#xF3;, entre el 25 de noviembre y el 8 de diciembre de 2001, una peque&#xF1;a caracterizaci&#xF3;n de algunos sectores del parque en el marco del primer curso de capacitaci&#xF3;n en t&#xE9;cnicas de inventarios de biodiversidad, dirigido a investigaciones de distintas entidades, entre ellas CAR, UAESPNN y organizaciones privadas. Se muestrearon los grupos biol&#xF3;gicos de aves, plantas e insectos</subfield>
  </datafield>
  <datafield tag="650" ind1=" " ind2=" ">
    <subfield code="a">Caracterizaci&#xF3;n biol&#xF3;gica</subfield>
    <subfield code="9">2833</subfield>
  </datafield>
  <datafield tag="650" ind1=" " ind2=" ">
    <subfield code="a">Plantas</subfield>
    <subfield code="9">92294</subfield>
  </datafield>
  <datafield tag="650" ind1=" " ind2=" ">
    <subfield code="a">Insectos</subfield>
    <subfield code="9">3535</subfield>
  </datafield>
  <datafield tag="650" ind1=" " ind2=" ">
    <subfield code="a">Escarabajos</subfield>
    <subfield code="9">92342</subfield>
  </datafield>
  <datafield tag="650" ind1=" " ind2=" ">
    <subfield code="a">Inventario</subfield>
    <subfield code="9">1299</subfield>
  </datafield>
  <datafield tag="662" ind1=" " ind2=" ">
    <subfield code="a">Colombia</subfield>
    <subfield code="c">Parque Nacional Natural Cueva de Los Gu&#xE1;charos</subfield>
    <subfield code="b">Huila</subfield>
  </datafield>
  <datafield tag="942" ind1=" " ind2=" ">
    <subfield code="c">CD-ROM</subfield>
    <subfield code="0">2</subfield>
    <subfield code="2">z</subfield>
  </datafield>
  <datafield tag="945" ind1=" " ind2=" ">
    <subfield code="d">2008-09-03</subfield>
  </datafield>
  <datafield tag="999" ind1=" " ind2=" ">
    <subfield code="c">6532</subfield>
    <subfield code="d">6532</subfield>
  </datafield>
  <datafield tag="952" ind1=" " ind2=" ">
    <subfield code="0">0</subfield>
    <subfield code="1">0</subfield>
    <subfield code="2">z</subfield>
    <subfield code="4">0</subfield>
    <subfield code="7">0</subfield>
    <subfield code="8">HUMBOLDT</subfield>
    <subfield code="I">INV2017</subfield>
    <subfield code="a">Bogota</subfield>
    <subfield code="b">Bogota</subfield>
    <subfield code="d">2008-09-03</subfield>
    <subfield code="l">2</subfield>
    <subfield code="o">IAVH-01053</subfield>
    <subfield code="p">026350</subfield>
    <subfield code="r">2024-08-09 00:00:00</subfield>
    <subfield code="s">2015-08-21</subfield>
    <subfield code="t">Ej. 1</subfield>
    <subfield code="w">2012-12-04</subfield>
    <subfield code="x">Dep&#xF3;sito Institucional</subfield>
    <subfield code="y">INFORME</subfield>
  </datafield>
</record>
